00457nam a22001697a 45000050016000000100013000160200023000290350013000520370010000650820012000751000018000872450062001052600040001672700035002073000026002427000019002682011092902172.0 aG-001468 c300.00a81885578031daG-001468 bGift  a488.007 aSharma, A.P.  aTeaching of english /cby A.P. Sharma [and] A.K. Paliwal  aJaipur bRajasthan Prakashan c2008 a28-29, Tripolia BazarbJaipur  aiii, 272p. c22cm(Hb) aPaliwal, A.K.